000 00300nam a2200121Ia 4500
008 190216s9999||||xx |||||||||||||| ||und||
100 _aVed Prakash Soni
245 0 _aHindi-Bharath Ke Samskrithik Kenra Mayoora
260 _bGourav Prakashan
_c2010
300 _a192
650 _aHindi
942 _cBK
999 _c16892
_d16892